000 01334nam a22003730a 4500
001 PT16251
003 AR-LpoUNG
005 20210131232703.0
008 191001s2003||||ag |||||||||||||||||spa d
020 _a9502312740
_c$7.25
040 _aAR-LpoUNG
_bspa
_cAR-LpoUNG
_eaacr
041 _aspa
044 _aag
082 0 _a982.062 754fro
100 1 _aMonserrat Llairo, María de
245 1 0 _aFrondizi :
_bun nuevo modelo de inserción internacional
250 _a1§ edición
260 _aBuenos Aires :
_bEUDEBA,
_cabril de 2003.
300 _a223 p. :
_btbls., gráfs.
520 _aEl gobierno de Frondizi propició la incesrsión de Argentina en el esquema impuesto por los Estados Unidos, el gobierno tuvo entre sus principales objetivos el de lograr una profunda transformación del sector productivo y la modernización del país con el apoyo de inversiones extranjeras.
650 4 _aANALISIS HISTORICO
650 4 _aARGENTINA
650 4 _aCONDICIONES ECONOMICAS
650 4 _aDESARROLLO ECONOMICO
650 4 _aDESARROLLO POLITICO
650 4 _aHISTORIA POLITICA
650 4 _aNUEVO ORDEN ECONOMICO INTERNACIONAL
650 4 _aPOLITICA ECONOMICA
650 4 _aRELACIONES ECONOMICAS INTERNACIONALES
651 4 _aArgentina
700 1 _aSiepe, Raimundo
905 _a16251
942 _cLIB
999 _c16944
_d16944